Know the score (Record no. 82271)
[ view plain ]
| 000 -LEADER | |
|---|---|
| fixed length control field | 00940cam a22001935a 4500 |
| 001 - CONTROL NUMBER | |
| control field | L149752 |
| 008 - FIXED-LENGTH DATA ELEMENTS--GENERAL INFORMATION | |
| fixed length control field | 100421e20100417xxk 000 0 eng d |
| 035 ## - SYSTEM CONTROL NUMBER | |
| System control number | (Sirsi) u149752 |
| 041 0# - LANGUAGE CODE | |
| Language code of text/sound track or separate title | eng |
| 100 1# - MAIN ENTRY--PERSONAL NAME | |
| Personal name | Heighton, Mark |
| 245 00 - TITLE STATEMENT | |
| Title | Know the score |
| 260 ## - PUBLICATION, DISTRIBUTION, ETC. | |
| Date of publication, distribution, etc. | 2010 |
| 490 ## - SERIES STATEMENT | |
| Series statement | Estates Gazette |
| Volume/sequential designation | (1015) 17 April 2010. 90-91(2) |
| 520 ## - SUMMARY, ETC. | |
| Summary, etc. | Joint ventures including limited liability partnerships, special-purpose vehicles, special-purpose vehicles and straightforward trust arrangments play key role in real estate sector. Issues for consideration when setting up joint ventures include guarantors, decision marking and tying in joint venture documents with any development agreement or purchase contract. Default and release of guarantors needs to be incorporated into the dispoal of a joint venture interest. |
| 590 ## - LOCAL NOTE (RLIN) | |
| Local note | KA |
| 651 #4 - SUBJECT ADDED ENTRY--GEOGRAPHIC NAME | |
| Geographic name | UNITED KINGDOM |
| 690 ## - LOCAL SUBJECT ADDED ENTRY--TOPICAL TERM (OCLC, RLIN) | |
| Topical term or geographic name as entry element | PROPERTY-PROPERTY FINANCE AND INVESTMENT |
| 942 ## - ADDED ENTRY ELEMENTS (KOHA) | |
| Suppress in OPAC | 0 |
| Withdrawn status | Lost status | Source of classification or shelving scheme | Damaged status | Not for loan | Home library | Current library | Shelving location | Date acquired | Total Checkouts | Full call number | Barcode | Date last seen | Copy number | Price effective from | Koha item type |
|---|---|---|---|---|---|---|---|---|---|---|---|---|---|---|---|
| Dewey Decimal Classification | London | London | Journal article | 21/04/2010 | L149752 | 149752-1001 | 06/08/2019 | 1 | 06/08/2019 | Journal article |